عرض عادي
عرض مارك
- Freitag, Suzanne K.,
مدخل إسم شخص
001 - رقم الضبط
- حقل الضبط: 74389
003 - معرف رقم الضبط
- حقل الضبط: OSt
005 - تاريخ ووقت أخر عملية
- حقل الضبط: 20190821084538.0
008 - عناصر بيانات ثابتة الطول
- حقل تحكم ثابت الطول: 190821|| aca||aabn | a|a d
040 ## - مصدر الفهرسة
- هيئة الفهرسة الأصلية: OSt
- وكالة الكتابة: OSt
100 ## - مدخل -- أسم شخص
- إسم شخص: Freitag, Suzanne K.,
- مصطلح الرابط: editor.
670 ## - بيانات المصدر موجوده
- الاستشهاد بالمصدر: Work cat.: (OSt)0: Endoscopic surgery of the orbit :
